[Event "Jetsmark - Bov"]
[Site "?"]
[Date "2016.03.05"]
[Round "1.1"]
[White "Jahncke, BOV, Giso"]
[Black "Kyndel Pedersen, JET, Christian"]
[Result "1-0"]
[BlackElo "2413"]
[WhiteElo "2299"]
[LiveChessVersion "1.4.6"]

1. d4 {[%clk 1:30:55]} Nf6 {[%clk 1:30:52]} 2. c4 {[%clk 1:31:18]} e6
{[%clk 1:31:17]} 3. g3 {[%clk 1:31:28]} d5 {[%clk 1:31:11]} 4. Nf3
{[%clk 1:31:49]} Be7 {[%clk 1:27:05]} 5. Bg2 {[%clk 1:32:04]} O-O
{[%clk 1:27:27]} 6. O-O {[%clk 1:32:29]} dxc4 {[%clk 1:27:16]} 7. Qc2
{[%clk 1:32:49]} a6 {[%clk 1:27:41]} 8. a4 {[%clk 1:33:12]} Bd7 {[%clk 1:24:55]}
9. Qxc4 {[%clk 1:32:24]} Bc6 {[%clk 1:24:52]} 10. Bf4 {[%clk 1:32:35]} a5
{[%clk 1:21:31]} 11. Nc3 {[%clk 1:32:07]} Na6 {[%clk 1:18:30]} 12. Rae1
{[%clk 1:31:57]} Bxf3 {[%clk 1:11:11]} 13. Bxf3 {[%clk 1:31:02]} c6
{[%clk 1:11:33]} 14. e4 {[%clk 1:24:36]} Rc8 {[%clk 1:07:19]} 15. Re2
{[%clk 1:15:15]} Qb6 {[%clk 1:00:21]} 16. Rd1 {[%clk 1:11:13]} Rfd8
{[%clk 0:58:37]} 17. Red2 {[%clk 1:05:26]} h6 {[%clk 0:42:11]} 18. h4
{[%clk 1:03:36]} Bb4 {[%clk 0:34:10]} 19. Kg2 {[%clk 0:56:50]} Ne8
{[%clk 0:25:58]} 20. g4 {[%clk 0:45:59]} Bf8 {[%clk 0:22:28]} 21. g5
{[%clk 0:29:33]} Qb4 {[%clk 0:22:16]} 22. Qa2 {[%clk 0:25:00]} hxg5
{[%clk 0:21:38]} 23. hxg5 {[%clk 0:21:04]} g6 {[%clk 0:13:49]} 24. Be3
{[%clk 0:14:40]} c5 {[%clk 0:11:23]} 25. d5 {[%clk 0:10:40]} e5 {[%clk 0:11:34]}
26. d6 {[%clk 0:10:18]} Rxd6 {[%clk 0:08:38]} 27. Rxd6 {[%clk 0:06:12]} Nxd6
{[%clk 0:08:58]} 28. Nd5 {[%clk 0:04:30]} Qc4 {[%clk 0:09:02]} 29. Nf6+
{[%clk 0:04:46]} Kg7 {[%clk 0:09:14]} 30. Rh1 {[%clk 0:05:00]} 1-0

[Event "Jetsmark - Bov"]
[Site "?"]
[Date "2016.03.05"]
[Round "1.2"]
[White "Jensen, JET, Bjarke"]
[Black "Schwarz, BOV, Frank"]
[Result "1-0"]
[BlackElo "2272"]
[WhiteElo "2378"]
[LiveChessVersion "1.4.6"]

1. e4 {[%clk 1:30:58]} e6 {[%clk 1:30:50]} 2. d4 {[%clk 1:31:21]} d5
{[%clk 1:31:14]} 3. e5 {[%clk 1:31:31]} c5 {[%clk 1:31:30]} 4. c3
{[%clk 1:31:57]} Nc6 {[%clk 1:31:50]} 5. Nf3 {[%clk 1:32:20]} Bd7
{[%clk 1:31:42]} 6. a3 {[%clk 1:30:16]} Qb6 {[%clk 1:29:21]} 7. b4
{[%clk 1:30:09]} cxd4 {[%clk 1:29:09]} 8. cxd4 {[%clk 1:30:35]} Rc8
{[%clk 1:29:03]} 9. Bb2 {[%clk 1:30:41]} Nh6 {[%clk 1:23:37]} 10. Nc3
{[%clk 1:23:04]} Ne7 {[%clk 1:15:38]} 11. Bd3 {[%clk 1:07:13]} Nhf5
{[%clk 1:08:52]} 12. Na4 {[%clk 0:51:50]} Bxa4 {[%clk 1:05:26]} 13. Qxa4+
{[%clk 0:51:14]} Nc6 {[%clk 1:05:15]} 14. O-O {[%clk 0:28:12]} Be7
{[%clk 0:59:39]} 15. Qc2 {[%clk 0:21:30]} O-O {[%clk 0:55:40]} 16. Bxf5
{[%clk 0:21:56]} exf5 {[%clk 0:56:04]} 17. Qxf5 {[%clk 0:21:59]} a5
{[%clk 0:52:46]} 18. Rab1 {[%clk 0:20:38]} axb4 {[%clk 0:52:00]} 19. axb4
{[%clk 0:18:17]} Na7 {[%clk 0:47:01]} 20. Qd7 {[%clk 0:18:05]} Rc7
{[%clk 0:41:13]} 21. Qxd5 {[%clk 0:18:08]} Rd8 {[%clk 0:41:31]} 22. Qe4
{[%clk 0:16:23]} Rc4 {[%clk 0:39:53]} 23. Bc1 {[%clk 0:16:31]} Nb5
{[%clk 0:38:16]} 24. Be3 {[%clk 0:15:19]} Nc3 {[%clk 0:37:06]} 25. Qd3
{[%clk 0:15:43]} Qc7 {[%clk 0:33:58]} 26. Rb3 {[%clk 0:15:20]} b5
{[%clk 0:31:50]} 27. Nd2 {[%clk 0:13:05]} Nd5 {[%clk 0:20:57]} 28. Ne4
{[%clk 0:08:10]} Nxb4 {[%clk 0:20:02]} 29. Qb1 {[%clk 0:08:04]} Nc2
{[%clk 0:18:21]} 30. Nd2 {[%clk 0:04:54]} Rc6 {[%clk 0:13:40]} 31. Nf3
{[%clk 0:05:23]} b4 {[%clk 0:12:51]} 32. h3 {[%clk 0:05:36]} Qd7 {[%clk 0:12:26]}
33. Rb2 {[%clk 0:05:00]} Rdc8 {[%clk 0:12:28]} 34. Qd1 {[%clk 0:05:07]} Qd5
{[%clk 0:11:38]} 35. Ne1 {[%clk 0:04:28]} Na3 {[%clk 0:05:03]} 36. Qf3
{[%clk 0:04:05]} Qb5 {[%clk 0:04:34]} 37. d5 {[%clk 0:03:55]} Rc3
{[%clk 0:04:21]} 38. d6 {[%clk 0:03:21]} Nc4 {[%clk 0:03:32]} 39. Qe2
{[%clk 0:01:25]} Qxe5 {[%clk 0:01:33]} 40. dxe7 {[%clk 0:01:33]} Nxb2
{[%clk 0:01:55]} 41. Nf3 {[%clk 0:01:21]} Qxe7 {[%clk 0:21:30]} 42. Qxb2
{[%clk 0:31:17]} Rc2 {[%clk 0:19:57]} 43. Qb1 {[%clk 0:31:12]} Qb7
{[%clk 0:17:21]} 44. Nd4 {[%clk 0:29:21]} R2c7 {[%clk 0:15:50]} 45. Nf5
{[%clk 0:28:24]} Rd7 {[%clk 0:14:48]} 46. Bd4 {[%clk 0:26:30]} f6
{[%clk 0:12:47]} 47. Qb3+ {[%clk 0:24:36]} Kh8 {[%clk 0:12:46]} 48. Re1
{[%clk 0:23:13]} h6 {[%clk 0:09:12]} 49. Qe3 {[%clk 0:20:30]} Qb5
{[%clk 0:06:16]} 50. Ne7 {[%clk 0:17:55]} Rcd8 {[%clk 0:04:24]} 51. Bxf6
{[%clk 0:18:22]} Qh5 {[%clk 0:03:14]} 52. g4 1-0

[Event "Jetsmark - Bov"]
[Site "?"]
[Date "2016.03.05"]
[Round "1.3"]
[White "Reinecker, BOV, Kai"]
[Black "Wiwe, JET, Andreas"]
[Result "1-0"]
[BlackElo "2266"]
[WhiteElo "2286"]
[LiveChessVersion "1.4.6"]

1. e4 {[%clk 1:30:57]} c5 {[%clk 1:30:46]} 2. c3 {[%clk 1:31:21]} Nf6
{[%clk 1:30:36]} 3. e5 {[%clk 1:31:45]} Nd5 {[%clk 1:30:58]} 4. d4
{[%clk 1:32:10]} cxd4 {[%clk 1:31:07]} 5. cxd4 {[%clk 1:32:31]} d6
{[%clk 1:30:10]} 6. Nf3 {[%clk 1:32:44]} e6 {[%clk 1:29:39]} 7. Nc3
{[%clk 1:32:49]} Nxc3 {[%clk 1:28:28]} 8. bxc3 {[%clk 1:31:58]} Qc7
{[%clk 1:28:46]} 9. Bd2 {[%clk 1:32:17]} Nd7 {[%clk 1:29:00]} 10. Bd3
{[%clk 1:29:35]} dxe5 {[%clk 1:26:59]} 11. O-O {[%clk 1:25:03]} Bd6
{[%clk 1:17:25]} 12. Qe2 {[%clk 1:12:54]} O-O {[%clk 1:13:03]} 13. Rfe1
{[%clk 1:09:57]} exd4 {[%clk 1:08:08]} 14. cxd4 {[%clk 1:09:33]} Nf6
{[%clk 1:07:26]} 15. Rac1 {[%clk 1:09:49]} Qd8 {[%clk 1:04:42]} 16. Ne5
{[%clk 0:50:30]} Be7 {[%clk 0:58:17]} 17. Qf3 {[%clk 0:48:32]} Nd5
{[%clk 0:40:46]} 18. Qh3 {[%clk 0:34:11]} f5 {[%clk 0:39:50]} 19. Nf3
{[%clk 0:26:52]} Bd7 {[%clk 0:35:48]} 20. g4 {[%clk 0:24:52]} Rc8
{[%clk 0:27:31]} 21. gxf5 {[%clk 0:24:19]} Rxc1 {[%clk 0:26:42]} 22. Bxc1
{[%clk 0:20:06]} exf5 {[%clk 0:26:17]} 23. Ne5 {[%clk 0:20:18]} Be6
{[%clk 0:12:19]} 24. Bc4 {[%clk 0:13:54]} Qd6 {[%clk 0:09:53]} 25. Qb3
{[%clk 0:13:00]} Rc8 {[%clk 0:03:02]} 26. Nd3 {[%clk 0:11:14]} Bf7
{[%clk 0:01:18]} 27. Bf4 {[%clk 0:07:16]} Nxf4 {[%clk 0:01:00]} 28. Bxf7+
{[%clk 0:07:41]} Kh8 {[%clk 0:01:01]} 29. Ne5 {[%clk 0:07:35]} Qxd4
{[%clk 0:00:46]} 30. Be6 {[%clk 0:04:14]} Rf8 {[%clk 0:00:37]} 31. Nf7+
{[%clk 0:03:47]} Rxf7 {[%clk 0:01:06]} 32. Bxf7 {[%clk 0:04:15]} Nd3
{[%clk 0:00:39]} 33. Re3 {[%clk 0:02:56]} Ne5 {[%clk 0:00:35]} 34. Qxb7
{[%clk 0:02:35]} Nxf7 {[%clk 0:00:34]} 35. Qxe7 {[%clk 0:02:04]} Qd1+
{[%clk 0:00:37]} 36. Kg2 {[%clk 0:01:40]} Qg4+ {[%clk 0:00:34]} 37. Rg3
{[%clk 0:02:01]} Qe4+ {[%clk 0:00:49]} 38. Qxe4 {[%clk 0:02:26]} fxe4
{[%clk 0:01:18]} 39. Ra3 {[%clk 0:02:44]} 1-0

[Event "Jetsmark - Bov"]
[Site "?"]
[Date "2016.03.05"]
[Round "1.4"]
[White "Christensen, JET, Stefan"]
[Black "Schütte, BOV, Andreas"]
[Result "1-0"]
[BlackElo "2186"]
[WhiteElo "2254"]
[LiveChessVersion "1.4.6"]

1. e4 {[%clk 1:30:55]} e6 {[%clk 1:30:29]} 2. d4 {[%clk 1:31:06]} d5
{[%clk 1:30:46]} 3. Nc3 {[%clk 1:30:39]} Nc6 {[%clk 1:31:03]} 4. e5
{[%clk 1:26:07]} Nb8 {[%clk 1:29:46]} 5. Nf3 {[%clk 1:20:27]} b6 {[%clk 1:29:19]}
6. Bb5+ {[%clk 1:13:07]} c6 {[%clk 1:28:52]} 7. Ba4 {[%clk 1:10:30]} a5
{[%clk 1:26:43]} 8. a3 {[%clk 1:08:39]} Ba6 {[%clk 1:26:17]} 9. Ne2
{[%clk 1:08:06]} Bxe2 {[%clk 1:24:08]} 10. Qxe2 {[%clk 1:08:25]} b5
{[%clk 1:24:25]} 11. Bb3 {[%clk 1:08:40]} a4 {[%clk 1:24:50]} 12. Ba2
{[%clk 1:08:51]} Nd7 {[%clk 1:24:12]} 13. Bd2 {[%clk 0:52:50]} h6
{[%clk 1:08:49]} 14. h4 {[%clk 0:50:30]} Qb6 {[%clk 1:07:27]} 15. Bb4
{[%clk 0:48:58]} Ne7 {[%clk 0:56:20]} 16. c3 {[%clk 0:41:34]} Qb7
{[%clk 0:47:02]} 17. h5 {[%clk 0:34:38]} Nc8 {[%clk 0:44:35]} 18. Bxf8
{[%clk 0:30:57]} Nxf8 {[%clk 0:42:06]} 19. Rh3 {[%clk 0:30:03]} Ne7
{[%clk 0:39:51]} 20. Bb1 {[%clk 0:28:16]} O-O-O {[%clk 0:26:44]} 21. Bd3
{[%clk 0:27:06]} Nd7 {[%clk 0:24:16]} 22. Nd2 {[%clk 0:25:48]} Kc7
{[%clk 0:20:40]} 23. Rg3 {[%clk 0:23:51]} Rdg8 {[%clk 0:17:39]} 24. b3
{[%clk 0:21:28]} axb3 {[%clk 0:17:03]} 25. Nxb3 {[%clk 0:21:10]} g5
{[%clk 0:17:18]} 26. Rf3 {[%clk 0:19:32]} Rg7 {[%clk 0:16:56]} 27. Rf6
{[%clk 0:12:45]} Ng8 {[%clk 0:14:31]} 28. Rf3 {[%clk 0:09:51]} Ne7
{[%clk 0:14:50]} 29. Ra2 {[%clk 0:07:41]} Ra8 {[%clk 0:14:02]} 30. Qb2
{[%clk 0:06:55]} Qb6 {[%clk 0:11:40]} 31. Nd2 {[%clk 0:06:00]} Qa5
{[%clk 0:11:08]} 32. Nb3 {[%clk 0:05:32]} Qb6 {[%clk 0:11:29]} 33. Nd2
{[%clk 0:05:27]} Qa5 {[%clk 0:11:46]} 34. Bc2 {[%clk 0:04:42]} Qb6
{[%clk 0:09:15]} 35. a4 {[%clk 0:01:56]} bxa4 {[%clk 0:09:11]} 36. Qa1
{[%clk 0:02:15]} g4 {[%clk 0:03:12]} 37. Rf4 {[%clk 0:01:40]} Ng8
{[%clk 0:02:27]} 38. Rxa4 {[%clk 0:01:14]} Rxa4 {[%clk 0:02:48]} 39. Qxa4
{[%clk 0:01:35]} f5 {[%clk 0:02:57]} 40. exf6 {[%clk 0:01:22]} Ngxf6
{[%clk 0:03:12]} 41. Bg6 {[%clk 0:26:55]} e5 {[%clk 0:11:56]} 42. dxe5
{[%clk 0:20:56]} Re7 {[%clk 0:12:04]} 43. Rf5 {[%clk 0:14:02]} Nxe5
{[%clk 0:05:00]} 44. Kd1 {[%clk 0:08:18]} Nfd7 {[%clk 0:02:08]} 45. Kc2
{[%clk 0:07:13]} Nc5 {[%clk 0:01:48]} 46. Qa3 {[%clk 0:06:23]} Qb5
{[%clk 0:01:15]} 47. Qa7+ {[%clk 0:04:08]} Nb7 {[%clk 0:00:52]} 48. Rf8
{[%clk 0:03:53]} Nxg6 {[%clk 0:00:52]} 49. hxg6 {[%clk 0:03:53]} 1-0

[Event "Jetsmark - Bov"]
[Site "?"]
[Date "2016.03.05"]
[Round "1.5"]
[White "Klawitter, BOV, Harald"]
[Black "Rosenkilde, JET, Alexander"]
[Result "1/2-1/2"]
[BlackElo "2181"]
[WhiteElo "2106"]
[LiveChessVersion "1.4.6"]

1. c4 {[%clk 1:30:55]} e5 {[%clk 1:30:53]} 2. g3 {[%clk 1:31:20]} Nc6
{[%clk 1:31:10]} 3. Bg2 {[%clk 1:31:42]} Bc5 {[%clk 1:31:26]} 4. Nc3
{[%clk 1:31:52]} a6 {[%clk 1:31:15]} 5. e3 {[%clk 1:31:59]} d6 {[%clk 1:31:16]}
6. Nge2 {[%clk 1:32:18]} Ba7 {[%clk 1:31:36]} 7. d4 {[%clk 1:25:39]} h5
{[%clk 1:22:51]} 8. h4 {[%clk 1:06:09]} Nf6 {[%clk 1:03:06]} 9. b3
{[%clk 1:00:00]} Bg4 {[%clk 0:58:37]} 10. dxe5 {[%clk 0:50:13]} dxe5
{[%clk 0:56:56]} 11. Qxd8+ {[%clk 0:41:31]} Rxd8 {[%clk 0:57:23]} 12. Ba3
{[%clk 0:41:48]} Kd7 {[%clk 0:51:22]} 13. Nd5 {[%clk 0:35:27]} Kc8
{[%clk 0:38:30]} 14. Nxf6 {[%clk 0:21:00]} gxf6 {[%clk 0:38:54]} 15. Bd5
{[%clk 0:21:21]} Rd7 {[%clk 0:28:19]} 16. Nc3 {[%clk 0:20:00]} Be6
{[%clk 0:12:50]} 17. O-O-O {[%clk 0:19:00]} f5 {[%clk 0:11:44]} 18. Rd2
{[%clk 0:14:38]} Bxd5 {[%clk 0:02:27]} 19. Nxd5 {[%clk 0:14:58]} Rdd8
{[%clk 0:01:38]} 20. Rhd1 {[%clk 0:14:18]} Rde8 {[%clk 0:01:31]} 21. Kc2
{[%clk 0:12:03]} Re6 {[%clk 0:01:20]} 22. Nb4 {[%clk 0:03:57]} Nb8
{[%clk 0:00:55]} 23. Nd3 {[%clk 0:03:19]} Nc6 {[%clk 0:01:08]} 24. Nb4
{[%clk 0:03:34]} Nb8 {[%clk 0:01:34]} 25. Nd3 {[%clk 0:03:03]} Nc6
{[%clk 0:02:02]} 26. Nb4 {[%clk 0:01:42]} 1/2-1/2

[Event "Jetsmark - Bov"]
[Site "?"]
[Date "2016.03.05"]
[Round "1.6"]
[White "Rathlev, JET, Jakob"]
[Black "Prien, BOV, Thore"]
[Result "0-1"]
[BlackElo "2068"]
[WhiteElo "2211"]
[LiveChessVersion "1.4.6"]

1. c4 {[%clk 1:30:34]} b6 {[%clk 1:30:48]} 2. Nc3 {[%clk 1:30:45]} Bb7
{[%clk 1:31:09]} 3. e4 {[%clk 1:30:57]} e5 {[%clk 1:31:28]} 4. g3
{[%clk 1:30:00]} f5 {[%clk 1:30:16]} 5. Bg2 {[%clk 1:28:50]} Bc5 {[%clk 1:27:02]}
6. Nge2 {[%clk 1:24:27]} Nf6 {[%clk 1:23:10]} 7. d3 {[%clk 1:18:41]} O-O
{[%clk 1:20:13]} 8. O-O {[%clk 1:09:54]} fxe4 {[%clk 0:53:41]} 9. Nxe4
{[%clk 1:05:13]} Nxe4 {[%clk 0:52:06]} 10. dxe4 {[%clk 1:05:26]} Nc6
{[%clk 0:49:29]} 11. Rb1 {[%clk 0:54:36]} a5 {[%clk 0:44:17]} 12. Bd2
{[%clk 0:46:13]} Qe7 {[%clk 0:35:28]} 13. Bc3 {[%clk 0:35:43]} Rf7
{[%clk 0:31:14]} 14. Nc1 {[%clk 0:30:52]} Raf8 {[%clk 0:30:01]} 15. Nd3
{[%clk 0:30:37]} Nb4 {[%clk 0:23:32]} 16. Bxb4 {[%clk 0:10:02]} axb4
{[%clk 0:23:29]} 17. Nxc5 {[%clk 0:08:42]} Qxc5 {[%clk 0:22:50]} 18. Qe2
{[%clk 0:08:52]} Ba6 {[%clk 0:17:01]} 19. Rbc1 {[%clk 0:08:36]} b5
{[%clk 0:13:10]} 20. cxb5 {[%clk 0:06:38]} Qxb5 {[%clk 0:11:47]} 21. Qe3
{[%clk 0:06:20]} Qa5 {[%clk 0:07:07]} 22. Rfd1 {[%clk 0:05:46]} Qxa2
{[%clk 0:05:52]} 23. Rd2 {[%clk 0:04:07]} Qa5 {[%clk 0:05:26]} 24. Bh3
{[%clk 0:03:39]} Bc8 {[%clk 0:04:35]} 25. Rd5 {[%clk 0:02:58]} Qa2
{[%clk 0:04:18]} 26. Rd2 {[%clk 0:02:26]} d6 {[%clk 0:02:56]} 27. b3
{[%clk 0:02:37]} Qa3 {[%clk 0:02:51]} 0-1

[Event "Jetsmark - Bov"]
[Site "?"]
[Date "2016.03.05"]
[Round "1.7"]
[White "Wolter, BOV, Jens"]
[Black "Grubert, JET, Christian"]
[Result "1/2-1/2"]
[BlackElo "2109"]
[WhiteElo "2117"]
[LiveChessVersion "1.4.6"]

1. e4 {[%clk 1:30:58]} c5 {[%clk 1:30:52]} 2. Nf3 {[%clk 1:31:21]} g6
{[%clk 1:31:13]} 3. d4 {[%clk 1:30:25]} cxd4 {[%clk 1:31:36]} 4. Nxd4
{[%clk 1:30:20]} Bg7 {[%clk 1:31:55]} 5. Nc3 {[%clk 1:29:48]} Nc6
{[%clk 1:32:03]} 6. Be3 {[%clk 1:30:08]} Nf6 {[%clk 1:31:57]} 7. Bc4
{[%clk 1:30:31]} O-O {[%clk 1:31:50]} 8. Bb3 {[%clk 1:30:27]} e6 {[%clk 1:30:24]}
9. O-O {[%clk 1:30:01]} d5 {[%clk 1:30:07]} 10. exd5 {[%clk 1:28:51]} Nxd5
{[%clk 1:30:04]} 11. Nxd5 {[%clk 1:28:16]} exd5 {[%clk 1:30:11]} 12. c3
{[%clk 1:25:33]} Ne5 {[%clk 1:25:47]} 13. Nb5 {[%clk 1:16:43]} a6
{[%clk 1:21:12]} 14. Na3 {[%clk 1:16:19]} Be6 {[%clk 1:20:50]} 15. Bd4
{[%clk 1:11:59]} b5 {[%clk 1:18:47]} 16. f4 {[%clk 1:02:28]} Nc4 {[%clk 1:16:12]}
17. Bxg7 {[%clk 1:02:30]} Kxg7 {[%clk 1:15:49]} 18. Qd4+ {[%clk 0:59:01]} Qf6
{[%clk 1:14:23]} 19. Qxf6+ {[%clk 0:59:13]} Kxf6 {[%clk 1:14:42]} 20. Bxc4
{[%clk 0:57:32]} dxc4 {[%clk 1:03:07]} 21. Nc2 {[%clk 0:57:26]} Bf5
{[%clk 1:01:56]} 22. Nd4 {[%clk 0:56:59]} Bd3 {[%clk 1:02:07]} 23. Rfe1
{[%clk 0:56:52]} Rab8 {[%clk 0:58:51]} 24. a3 {[%clk 0:55:42]} Rfc8
{[%clk 0:58:14]} 25. Re3 {[%clk 0:47:11]} Re8 {[%clk 0:45:48]} 26. Rae1
{[%clk 0:46:50]} Rxe3 {[%clk 0:45:41]} 27. Rxe3 {[%clk 0:42:08]} Rd8
{[%clk 0:35:17]} 28. Re5 {[%clk 0:40:34]} h6 {[%clk 0:30:24]} 29. h4
{[%clk 0:39:55]} Rg8 {[%clk 0:29:53]} 30. Kf2 {[%clk 0:32:43]} Rb8
{[%clk 0:25:33]} 31. Rc5 {[%clk 0:31:15]} Be4 {[%clk 0:25:15]} 32. Re5
{[%clk 0:28:49]} Ba8 {[%clk 0:24:27]} 33. g4 {[%clk 0:28:20]} Rb6
{[%clk 0:23:30]} 34. Re8 {[%clk 0:26:16]} Bd5 {[%clk 0:20:39]} 35. g5+
{[%clk 0:22:48]} hxg5 {[%clk 0:21:02]} 36. hxg5+ {[%clk 0:23:02]} Kg7
{[%clk 0:21:18]} 37. Rd8 {[%clk 0:16:30]} Be6 {[%clk 0:16:42]} 38. Ke3
{[%clk 0:14:37]} Bh3 {[%clk 0:12:22]} 39. Ke4 {[%clk 0:11:43]} a5
{[%clk 0:11:24]} 40. Kd5 {[%clk 0:10:15]} b4 {[%clk 0:08:27]} 41. axb4
{[%clk 0:07:36]} axb4 {[%clk 0:08:08]} 42. Kxc4 {[%clk 0:06:37]} Bf1+
{[%clk 0:05:56]} 43. Kc5 {[%clk 0:06:13]} bxc3 {[%clk 0:05:48]} 44. bxc3
{[%clk 0:05:54]} Rb7 {[%clk 0:05:15]} 45. Kd6 {[%clk 0:30:35]} Ra7
{[%clk 0:33:59]} 46. Rc8 {[%clk 0:30:04]} Ra4 {[%clk 0:32:23]} 47. Rc7
{[%clk 0:25:33]} Bc4 {[%clk 0:32:08]} 48. Kc5 {[%clk 0:22:42]} Kg8
{[%clk 0:30:49]} 49. Rb7 {[%clk 0:21:38]} Bd3 {[%clk 0:27:14]} 50. Rb4
{[%clk 0:21:22]} Ra1 {[%clk 0:26:44]} 51. Nc6 {[%clk 0:20:38]} Re1
{[%clk 0:20:51]} 52. Rd4 {[%clk 0:20:16]} Bf5 {[%clk 0:20:12]} 53. c4
{[%clk 0:20:06]} Kg7 {[%clk 0:19:52]} 54. Ne5 {[%clk 0:13:41]} f6
{[%clk 0:19:44]} 55. gxf6+ {[%clk 0:10:18]} Kxf6 {[%clk 0:20:05]} 56. Kd6
{[%clk 0:10:37]} Be4 {[%clk 0:09:06]} 57. c5 {[%clk 0:08:25]} Kf5
{[%clk 0:09:17]} 58. Nc4 {[%clk 0:04:11]} Ba8 {[%clk 0:06:44]} 59. Kd7
{[%clk 0:02:07]} Kf6 {[%clk 0:03:39]} 60. Nb6 {[%clk 0:01:46]} Re7+
{[%clk 0:03:48]} 61. Kd8 {[%clk 0:02:05]} Bf3 {[%clk 0:03:50]} 62. Rd6+
{[%clk 0:00:55]} Re6 {[%clk 0:03:29]} 63. Nd7+ {[%clk 0:00:59]} Kf5
{[%clk 0:03:08]} 64. Nf8 {[%clk 0:01:25]} Rxd6+ {[%clk 0:02:30]} 65. cxd6
{[%clk 0:01:54]} Kxf4 {[%clk 0:00:48]} 66. Kc7 {[%clk 0:01:38]} Bg4
{[%clk 0:01:07]} 67. Nxg6+ {[%clk 0:02:00]} Kg5 {[%clk 0:01:15]} 68. Ne5
{[%clk 0:02:18]} Be6 {[%clk 0:01:26]} 69. Nf7+ {[%clk 0:02:14]} Kf6
{[%clk 0:01:37]} 70. Nd8 {[%clk 0:02:38]} Bh3 {[%clk 0:01:43]} 71. Nc6
{[%clk 0:02:33]} Kf7 {[%clk 0:01:26]} 72. Nb4 {[%clk 0:02:04]} Bg4
{[%clk 0:01:18]} 73. Nd3 {[%clk 0:02:09]} Bf5 {[%clk 0:01:35]} 74. Nf4
{[%clk 0:02:21]} Ke8 {[%clk 0:01:50]} 75. Nh5 {[%clk 0:02:21]} Kf7
{[%clk 0:02:02]} 76. Ng3 {[%clk 0:02:20]} Bg4 {[%clk 0:02:12]} 77. Ne4
{[%clk 0:02:28]} Bf5 {[%clk 0:02:19]} 78. Ng5+ {[%clk 0:02:19]} Kg6
{[%clk 0:02:08]} 79. Nf3 {[%clk 0:02:35]} Kf7 {[%clk 0:02:28]} 80. Nd4
{[%clk 0:01:47]} Bg4 {[%clk 0:02:49]} 81. Kd8 {[%clk 0:01:57]} Kf6
{[%clk 0:02:19]} 82. Nb5 {[%clk 0:00:57]} Be2 {[%clk 0:01:26]} 83. Nc7
{[%clk 0:01:13]} Bg4 {[%clk 0:01:03]} 84. Ke8 {[%clk 0:01:12]} Bh5+
{[%clk 0:01:10]} 85. Kf8 {[%clk 0:01:11]} Bg4 {[%clk 0:01:19]} 86. Ke8
{[%clk 0:00:50]} Bh5+ {[%clk 0:01:37]} 87. Kd7 {[%clk 0:01:02]} Bg4+
{[%clk 0:01:54]} 88. Kd8 {[%clk 0:01:12]} Bh3 {[%clk 0:02:06]} 89. Ke8
{[%clk 0:01:00]} Bg4 {[%clk 0:02:11]} 90. Kf8 {[%clk 0:00:57]} Bh3
{[%clk 0:02:26]} 91. Ke8 {[%clk 0:00:34]} Bg4 {[%clk 0:02:48]} 92. Kd8
{[%clk 0:00:40]} Bh3 {[%clk 0:03:07]} 93. Ne8+ {[%clk 0:00:46]} Kf7
{[%clk 0:03:19]} 94. Nc7 {[%clk 0:01:02]} Bg4 {[%clk 0:03:38]} 95. Na6
{[%clk 0:01:18]} Ke6 {[%clk 0:03:10]} 96. Kc7 {[%clk 0:01:38]} Kf7
{[%clk 0:03:26]} 97. Nc5 {[%clk 0:02:04]} Bf5 {[%clk 0:03:09]} 98. Nd3
{[%clk 0:02:00]} Be6 {[%clk 0:03:04]} 99. Kd8 {[%clk 0:02:06]} Bf5
{[%clk 0:02:54]} 100. Nf4 {[%clk 0:02:30]} Bg4 {[%clk 0:03:05]} 101. Kc7
{[%clk 0:02:53]} Bf5 {[%clk 0:03:23]} 102. Ne2 {[%clk 0:02:32]} Ke8
{[%clk 0:03:31]} 103. Ng3 {[%clk 0:02:45]} Bg4 {[%clk 0:03:37]} 104. Ne4
{[%clk 0:02:56]} Bh3 {[%clk 0:03:42]} 105. Nf6+ {[%clk 0:03:12]} Kf7
{[%clk 0:03:59]} 106. Nd7 {[%clk 0:03:29]} Ke8 {[%clk 0:04:12]} 107. Ne5
{[%clk 0:03:49]} Be6 {[%clk 0:04:23]} 108. Nf3 {[%clk 0:03:45]} Bh3
{[%clk 0:04:27]} 109. Ng5 {[%clk 0:03:02]} Bf5 {[%clk 0:04:40]} 110. Ne6
{[%clk 0:01:08]} Bxe6 {[%clk 0:05:02]} 111. d7+ {[%clk 0:01:36]} Bxd7
{[%clk 0:05:29]} 1/2-1/2

[Event "Jetsmark - Bov"]
[Site "?"]
[Date "2016.03.05"]
[Round "1.8"]
[White "Lau Rasmussen, JET, Henning"]
[Black "Erik Kramer, BOV, Svend"]
[Result "1-0"]
[BlackElo "2006"]
[WhiteElo "2070"]
[LiveChessVersion "1.4.6"]

1. d4 {[%clk 1:30:56]} f5 {[%clk 1:30:48]} 2. e4 {[%clk 1:31:06]} fxe4
{[%clk 1:31:12]} 3. Nc3 {[%clk 1:31:30]} Nf6 {[%clk 1:31:37]} 4. Bg5
{[%clk 1:31:54]} c6 {[%clk 1:31:52]} 5. f3 {[%clk 1:31:21]} d5 {[%clk 1:31:38]}
6. fxe4 {[%clk 1:27:58]} dxe4 {[%clk 1:31:18]} 7. Bc4 {[%clk 1:23:22]} Bf5
{[%clk 1:30:26]} 8. Nge2 {[%clk 1:22:28]} e6 {[%clk 1:28:54]} 9. Ng3
{[%clk 1:18:55]} Be7 {[%clk 1:27:06]} 10. O-O {[%clk 1:17:08]} g6
{[%clk 1:24:53]} 11. Qd2 {[%clk 1:14:22]} Nbd7 {[%clk 1:22:26]} 12. Rae1
{[%clk 1:10:28]} Nb6 {[%clk 1:17:03]} 13. Bb3 {[%clk 1:10:07]} Nfd5
{[%clk 1:13:31]} 14. Ncxe4 {[%clk 1:08:04]} O-O {[%clk 1:09:31]} 15. Bh6
{[%clk 1:04:56]} Re8 {[%clk 1:06:26]} 16. Nc5 {[%clk 1:02:24]} Bxc5
{[%clk 1:03:21]} 17. dxc5 {[%clk 1:02:47]} Nd7 {[%clk 1:03:10]} 18. Nxf5
{[%clk 0:58:15]} gxf5 {[%clk 1:03:22]} 19. Rf3 {[%clk 0:58:06]} Kf7 20. Bg5
{[%clk 0:48:40]} Qc7 {[%clk 0:54:23]} 21. Qf2 {[%clk 0:40:51]} Rg8
{[%clk 0:37:37]} 22. Rxf5+ {[%clk 0:30:52]} exf5 {[%clk 0:37:34]} 23. Re7+
{[%clk 0:31:07]} Kg6 {[%clk 0:37:10]} 24. Qh4 {[%clk 0:30:52]} h5
{[%clk 0:36:21]} 25. Bd2 {[%clk 0:22:47]} f4 {[%clk 0:29:03]} 26. Bxd5
{[%clk 0:08:52]} cxd5 {[%clk 0:28:38]} 27. Bxf4 {[%clk 0:08:30]} Qxc5+
{[%clk 0:25:29]} 28. Be3 {[%clk 0:06:50]} d4 {[%clk 0:16:29]} 29. Qg3+
{[%clk 0:04:56]} Kf6 {[%clk 0:15:36]} 30. Qh4+ {[%clk 0:05:21]} Kg6
{[%clk 0:15:41]} 31. Bxd4 {[%clk 0:03:49]} Qf5 {[%clk 0:11:33]} 32. Qg3+
{[%clk 0:04:09]} Qg5 {[%clk 0:11:20]} 33. Qd3+ {[%clk 0:04:28]} Qf5
{[%clk 0:11:11]} 34. Re6+ {[%clk 0:04:53]} Kg5 {[%clk 0:10:55]} 35. h4+
{[%clk 0:05:14]} 1-0